Ordem e progresso (Registo nº 1857)

Detalhes MARC
000 -Etiqueta do registo
Valores 00459nam a22001451i 4500
090 ## -
-- 1857
100 ## - Dados gerais de processamento
Dados gerais 20170304u u u0frey50 ba
200 1# - Titulo e menção de responsabilidade
Primeira menção de responsabilidade Gilberto Freyre
Título próprio Ordem e progresso
Informação de outro título introdução à história da sociedade patriarcal no Brasil
210 ## - Publicação
Nome do editor Livros do Brasil
Local de publicação Lisboa
215 ## - Descrição física 
Paginação / Volumes 2 vol. (485, [3], 403, [5] p.)
Dimensões 22 cm
225 2# - Colecção 
Título próprio da colecção Livros do Brasil
Indicação de volume 75, 75-A
700 #1 - Autor principal (pessoa individual)
Apelido Freyre
Nome Gilberto
Datas 1900 -1987
801 ## - Fonte de origem
País PT
Regras de catalogação RPC
990 ## - Elementos KOHA
Tipo de documento Livro
Exemplares
Situação do levantamento Estado Biblioteca de origem Biblioteca de empréstimo Localização na Estante Código de barras Cota Permissão de empréstimo Tipo de documento Nota relativa ao exemplar Forma de aquisição
  Completo Biblioteca Municipal de Viana Do Alentejo Biblioteca Municipal de Viana Do Alentejo Depósito 0002037 FRE I Disponível Livro cx. 85  
  Abatido Biblioteca Municipal de Viana Do Alentejo Biblioteca Municipal de Viana Do Alentejo   0002038 FRE II Disponível Livro    
  Completo Biblioteca Municipal de Viana Do Alentejo Biblioteca Municipal de Viana Do Alentejo   0023424 FRE II Disponível Livro Dep. cx. 14  




Powered by Koha